guess the niall horan song with no hints - Statistics

General Stats
  • This quiz has been taken 8 times
  • The average score is 134 of 230
Answer Stats
Answer % Correct
a
100%
and
100%
i
100%
me
100%
you
100%
it
86%
to
86%
we
86%
where
86%
do
71%
dont
71%
for
71%
go
71%
have
71%
hear
71%
its
71%
it's
71%
know
71%
on
71%
see
71%
when
71%
as
57%
be
57%
been
57%
but
57%
can
57%
no
57%
so
57%
the
57%
we're
57%
with
57%
all
43%
come
43%
end
43%
ends
43%
far
43%
free
43%
from
43%
hard
43%
road
43%
start
43%
starts
43%
what
43%
at
29%
believe
29%
coming
29%
got
29%
heart
29%
life
29%
look
29%
make
29%
need
29%
never
29%
of
29%
our
29%
please
29%
side
29%
that
29%
times
29%
trying
29%
two
29%
wait
29%
we'll
29%
wild
29%
would
29%
young
29%
alright
14%
always
14%
asking
14%
back
14%
bit
14%
cause
14%
cry
14%
darlin
14%
distance
14%
down
14%
fight
14%
get
14%
guarantee
14%
im
14%
I've
14%
ive
14%
kids
14%
known
14%
lead
14%
line
14%
lose
14%
man
14%
matter
14%
patience
14%
promise
14%
selfish
14%
sleep
14%
thats
14%
tonight
14%
wanna
14%
whats
14%
worry
14%
yeah
14%
going
0%
ill
0%
No matching quizzes found
Score Distribution
Percent of People with Each Score
Percentile by Number Answered
Your Score History
You have not taken this quiz